| 000 | 00585nam a2200241Ia 4500 | ||
|---|---|---|---|
| 008 | 171025s9999 xx 000 0 und d | ||
| 020 | _a9780446532242 | ||
| 050 | _a791.43 | ||
| 050 | _bM821 2011 | ||
| 100 | _aMoore, Michael | ||
| 245 | _aHere comes trouble : | ||
| 245 | _bstories from my life / | ||
| 245 | _cby Michael Moore. | ||
| 260 | _aNew York : | ||
| 260 | _bGrand Central, | ||
| 260 | _c2011 | ||
| 300 | _aix, 427 pages : | ||
| 300 | _billustrations ; | ||
| 300 | _c23cm. | ||
| 650 | _aMoore, Michael -- | ||
| 650 | _xMotion picture. | ||
| 700 | _aTitle. | ||
| 999 |
_c344900 _d344900 |
||